000 00798nam a22001815i 4500
001 156470
003 ES-MaACL
005 20230906210421.0
008 040805s1864 fr a |||| | fre d
040 _aCAM
_bspa
_cCAM
100 1 _aJozan de Saint-André, Émile.
_9128379
245 1 0 _aTraité pratique des maladies des voies urinaires et des organes générateurs de l'homme et de la femme /
_cpar Em. Jozan.
250 _a2e éd.
_billustré des 314 figures d'anatomie.
260 _aParis :
_bl'auteur :
_bJules Masson,
_c1864 (
_ftypographie de Ad. R. Lainé et J. Havard)
300 _aXII, 872 p. :
_bil. ;
_c18 cm.
650 4 _aAparato génito urinario-
_xEnfermedades.
_9135583
852 _aES-MaACL
_jG-10720
_z-- Enc. pasta española
_z-- Legado Gustavo Sáenz Díez, Septiembre 1893
999 _c156470
_d156470